Los delitos de expresión

Gorde:
Xehetasun bibliografikoak
Egile nagusia: Kern, Eduard (Egilea)
Formatua: Liburua
Hizkuntza:gaztelania
Argitaratua: Buenos Aires Depalma 1967
Gaiak:
Etiketak: Etiketa erantsi
Etiketarik gabe, Izan zaitez lehena erregistro honi etiketa jartzen!

MARC

LEADER 00000nam a2200000 a 4500
001 UCS0181
003 CL-VaPUC
008 970418e19670000AG |||||||||||||||||spa|d
082 0 4 |a 364.156  |b KER  |2 21 
100 |a Kern, Eduard  |e author  |9 383493 
245 1 4 |a Los delitos de expresión 
300 |a 228 p 
942 |c BK 
945 |d 19970418 00:00:00  |a paguirre 
260 |a Buenos Aires  |b Depalma  |c 1967 
650 0 |a Delitos  |9 224143 
650 7 |a DERECHO PENAL  |2 CL-VaPUC  |9 11 
650 7 |a DIFAMACION  |2 CL-VaPUC  |9 259220 
650 0 |a Expresión  |9 340759 
650 7 |a CULPABILIDAD  |2 CL-VaPUC  |9 351694 
650 0 |a Antijuridicidad  |9 368501 
583 |a last modification  |c 19970418 00:00:00  |k Rodrigo Vera 
999 |c 258422  |d 258420 
952 |0 0  |1 0  |4 0  |6 364_156000000000000_KER_1967  |7 0  |8 A  |9 282504  |a BIBDER  |b BIBDER  |d 2019-11-19  |i 1831429  |o 364.156 KER 1967  |p 1831429  |r 2023-01-25  |w 2019-11-19  |y BK  |k DER